| 000 | | | 03744nmc2a22000003x 450 |
| 001 | | | f687220c-e02b-4713-aa2b-d6c2591476b8 |
| 005 | | | 20210203182106.0 |
| 100 | ## | $a | 20190703l191019##k l0rusy0189 ca |
| 101 | 0# | $a | rus |
| 102 | ## | $a | RU |
| 200 | 1# | $a | Работа (глава(?)) В.Н. Муравьева об отношениях Сербии с соседними странами и о ее политической изоляции |
| | $j | [не ранее 1910 г.] |
| 251 | ## | $c | Дело |
| 300 | ## | $a | Творческие материалы Валериана Николаевича Муравьева (1885-1919) |
| 300 | ## | $a | Наброски; автограф |
| 801 | #0 | $a | RU |
| | $b | РГИА |
| | $c | 20190703 |
| | $g | RCR |
| 801 | #1 | $a | RU |
| | $b | ГлавНИВЦ |
| | $c | 20190703 |
| | $2 | rusmarc |
| 801 | #2 | $a | RU |
| | $b | ПБ им. Б.Н. Ельцина |
| | $c | 20210203 |
| | $g | RCR |
| | $2 | rusmarc |
| 850 | ## | $a | РГИА |
| 852 | ## | $a | РГИА |
| | $e | Федеральное казенное учреждение "Российский государственный исторический архив" (РГИА) |
| | $j | 292 |
| 937 | ## | $h | РГИА |
| | $d | 12275601 |
| | $a | ASBIBLIO_SCAN |
| 462 | #0 | $1 | 001550f2e1e-efd2-42d6-8fd6-6c66e8002a35 |
| | $1 | 2001 |
| | $a | 1789-1919 гг. |
| | $1 | 251 |
| | $c | Опись |
| | $1 | 852 |
| | $j | 1 |
| 461 | #0 | $1 | 001e55ac5ec-b2ce-4102-abdd-bfb64c8f26c6 |
| | $1 | 2001 |
| | $a | Муравьевы |
| | $1 | 251 |
| | $c | Фонд |
| | $1 | 852 |
| | $j | 995 |
| 215 | ## | $a | 6 л. |
| | $d | 40х29 см |
| 371 | ## | $a | Документ не является опубликованным и широко распространяемым |
| 105 | ## | $a | y### |
| 122 | 2# | $a | d |
| 035 | ## | $a | f687220c-e02b-4713-aa2b-d6c2591476b8 |
| 856 | ## | $u | http://readingroom.main.prlib.ru/item.aspx?id_node=n156173121&mode=full |